| 000 | 00527nam a22001697a 4500 | ||
|---|---|---|---|
| 003 | OSt | ||
| 005 | 20241016142753.0 | ||
| 008 | 241016b |||||||| |||| 00| 0 eng d | ||
| 040 | _c0 | ||
| 082 | _aDPer050 M72 January-March 2018 v. 66 no. 8-10 | ||
| 100 |
_a Cangco, Edilberto G. _eauthor. _963051 |
||
| 245 |
_aAng dentista / _cEdilberto G. Cangco. |
||
| 260 |
_aManila, Philippines ; _b n the Grade School, Inc, _cFebruary 2018. |
||
| 300 | _aVolume 66,pages 350. | ||
| 700 |
_aCangco, Edilberto G. _913979 |
||
| 942 |
_2ddc _cPER |
||
| 999 |
_c22621 _d22621 |
||